[Event "Sparkassen-Open B"]
[Site "Heusenstamm, Martinsee"]
[Date "2022.11.20"]
[Round "7.1"]
[White "Vranckx, Oscar"]
[Black "Gold, Jan Christian"]
[Result "0-1"]
[WhiteElo "1629"]
[BlackElo "1564"]
[PlyCount "76"]
[EventDate "2022.??.??"]
[WhiteTeam "Sfr.Mainz 1928"]
[BlackTeam "SK Bad Homburg 1927"]

1. e4 e6 2. d4 d5 3. Nd2 c5 4. exd5 Qxd5 5. Ngf3 cxd4 6. Bc4 Qd6 7. O-O Nf6 8.
Nb3 Nc6 9. Nbxd4 Nxd4 10. Nxd4 Be7 11. c3 O-O 12. Qc2 h6 13. Be3 Qc7 14. Be2
Nd5 15. Bd2 b6 16. Bf3 Bb7 17. Rfe1 Rac8 18. Qa4 a6 19. Rad1 b5 20. Qb3 Rfd8
21. a4 bxa4 22. Qxa4 Bc5 23. Nb3 Ba7 24. Qh4 Qb6 25. Nd4 Qxb2 26. Be4 Rd7 27.
Qg3 Bb8 28. Qg4 Nf6 29. Qf3 Bxe4 30. Rxe4 Nxe4 31. Qxe4 Ba7 32. Nf3 Qb7 33. Qg4
Rcd8 34. h4 Qb3 35. Re1 Rxd2 36. Nxd2 Rxd2 37. Rf1 Qxc3 38. Qe4 Qd4 0-1

[Event "Sparkassen-Open B"]
[Site "Heusenstamm, Martinsee"]
[Date "2022.11.20"]
[Round "7.2"]
[White "Müller, Riyanna"]
[Black "Sheng, Ming"]
[Result "1-0"]
[WhiteElo "1475"]
[BlackElo "1385"]
[PlyCount "93"]
[EventDate "2022.??.??"]
[WhiteTeam "SC Landskrone"]
[BlackTeam "SC Rochade Saarlouis 1993"]

1. e4 c5 2. c3 Nf6 3. e5 Nd5 4. d4 cxd4 5. Nf3 d6 6. cxd4 Nc6 7. Bc4 e6 8. O-O
Be7 9. Qe2 O-O 10. Re1 Nb6 11. Bb3 Qc7 12. Nc3 a6 13. a3 Rd8 14. Qe4 Nd7 15.
Ng5 Nf8 16. Bc2 h6 17. Nf3 dxe5 18. dxe5 Ng6 19. h4 h5 20. Ng5 Qxe5 21. Qxe5
Ngxe5 22. Na4 b5 23. Nb6 Rb8 24. Nxc8 Rbxc8 25. Bf4 Nc4 26. b3 Nxa3 27. Bh7+
Kf8 28. Bc1 Nd4 29. Bxa3 Bxa3 30. Rxa3 g6 31. Rxa6 Rd7 32. Bxg6 fxg6 33. Nxe6+
Kf7 34. Nxd4 Rxd4 35. g3 Rc3 36. Ree6 Rxb3 37. Rf6+ Ke7 38. Rxg6 Rb1+ 39. Kg2
b4 40. Rh6 Kf7 41. Ra7+ Kg8 42. Rxh5 b3 43. Rb5 Rd8 44. Rab7 Rd3 45. Rc5 Rd8
46. Rc3 b2 47. Rc2 1-0

[Event "Sparkassen-Open B"]
[Site "Heusenstamm, Martinsee"]
[Date "2022.11.20"]
[Round "7.3"]
[White "Fernandez Garcia, Alfonso Javier"]
[Black "Huck, Robert"]
[Result "0-1"]
[WhiteElo "1610"]
[BlackElo "1782"]
[PlyCount "94"]
[EventDate "2022.??.??"]
[WhiteTeam "SV 1926 Neu-Isenburg"]
[BlackTeam "SC Königsspringer Alzenau"]

1. e4 e5 2. Nf3 Nc6 3. Bb5 a6 4. Ba4 Nf6 5. d3 b5 6. Bb3 Be7 7. c3 O-O 8. O-O
d6 9. h3 Na5 10. Bc2 c5 11. d4 Qc7 12. Nbd2 cxd4 13. cxd4 Bd7 14. Re1 Rac8 15.
Bd3 Nc6 16. d5 Nb4 17. Bb1 Nc2 18. Bxc2 Qxc2 19. Qxc2 Rxc2 20. b4 Rfc8 21. Ba3
R8c3 22. Bc1 Nh5 23. Nb3 Rc4 24. Ba3 Nf4 25. Nfd2 R4c3 26. Bc1 Nd3 27. Rd1 Bg5
28. Nb1 Nxc1 29. Nxc3 Nxb3 30. axb3 Rxc3 31. Rxa6 Kf8 32. Rxd6 Ke7 33. Ra6 Rxb3
34. Rda1 Rxb4 35. f3 Ra4 36. Kf1 Rxa1+ 37. Rxa1 Be3 38. Ke2 Bd4 39. Ra2 b4 40.
Ra8 b3 41. Rb8 b2 42. Kd3 Ba4 43. Rb4 Kd6 44. g3 Kc5 45. Rb7 Bb5+ 46. Kc2 Be2
47. Rxf7 Bd3+ 0-1

[Event "Sparkassen-Open B"]
[Site "Heusenstamm, Martinsee"]
[Date "2022.11.20"]
[Round "7.4"]
[White "Merz, Leander"]
[Black "Rödel, Jannis"]
[Result "1-0"]
[WhiteElo "1470"]
[BlackElo "1451"]
[PlyCount "45"]
[EventDate "2022.??.??"]
[WhiteTeam "Schachforum Darmstadt 1994"]
[BlackTeam "SVG CAISSA Kassel"]

1. e4 e5 2. Nc3 Nf6 3. f4 Bc5 4. fxe5 Bxg1 5. Rxg1 Ng8 6. Qf3 Nc6 7. Qg3 g6 8.
Bc4 d6 9. exd6 cxd6 10. Rf1 Ne5 11. Bb3 Qc7 12. d4 Nc4 13. Bxc4 Qxc4 14. Qxd6
Be6 15. d5 Qd4 16. Bf4 Rd8 17. Qe5 Qxe5 18. Bxe5 f6 19. Bxf6 Nxf6 20. Rxf6 Bf7
21. O-O-O Ke7 22. Rdf1 Rhf8 23. e5 1-0

[Event "Sparkassen-Open B"]
[Site "Heusenstamm, Martinsee"]
[Date "2022.11.20"]
[Round "7.5"]
[White "Pichl, Christoph"]
[Black "Gerhard, Dominik"]
[Result "1/2-1/2"]
[WhiteElo "1643"]
[BlackElo "1593"]
[PlyCount "40"]
[EventDate "2022.??.??"]
[WhiteTeam "SK Bad Homburg 1927"]
[BlackTeam "SV Oberursel"]

1. d4 d5 2. c4 e6 3. Nf3 c6 4. Nc3 dxc4 5. a4 Bb4 6. Bd2 a5 7. e3 b5 8. Be2 Bb7
9. Ne4 Nf6 10. Nxf6+ Qxf6 11. O-O O-O 12. Qc2 Nd7 13. b3 cxb3 14. Qxb3 Bxd2 15.
Nxd2 b4 16. Bf3 Nb6 17. Rac1 Nd5 18. Nc4 Qe7 19. Ne5 Rfc8 20. Rc5 Qd6 1/2-1/2

[Event "Sparkassen-Open B"]
[Site "Heusenstamm, Martinsee"]
[Date "2022.11.20"]
[Round "7.6"]
[White "Althaus, Lennart"]
[Black "Billerbeck, Nick"]
[Result "1/2-1/2"]
[WhiteElo "1600"]
[BlackElo "1582"]
[PlyCount "69"]
[EventDate "2022.??.??"]
[WhiteTeam "TV-Großostheim"]
[BlackTeam "SV Unterkochen"]

1. c4 e5 2. Nc3 Nf6 3. g3 d5 4. cxd5 Nxd5 5. Bg2 Nb6 6. d3 Nc6 7. Nf3 Be7 8.
O-O O-O 9. a3 Be6 10. Qc2 Nd4 11. Nxd4 exd4 12. Ne4 c6 13. b4 Nd7 14. Bb2 Qb6
15. Rfc1 Rfd8 16. Rab1 Nf6 17. Nc5 Bxc5 18. Qxc5 Qxc5 19. Rxc5 Rab8 20. Bc1 Nd5
21. Bd2 a6 22. a4 Nb6 23. Ra1 Bb3 24. a5 Nd7 25. Rcc1 Nf6 26. Bg5 Re8 27. Bxf6
gxf6 28. Kf1 Re5 29. Rab1 Bd5 30. Bxd5 Rxd5 31. Rc5 Rbd8 32. Rbc1 Kf8 33. Kg2
Ke7 34. Kf3 Ke6 35. Ke4 1/2-1/2

[Event "Sparkassen-Open B"]
[Site "Heusenstamm, Martinsee"]
[Date "2022.11.20"]
[Round "7.7"]
[White "Peng, Jay Jiaxi"]
[Black "Rotärmel, Leonie"]
[Result "1/2-1/2"]
[WhiteElo "1612"]
[BlackElo "1579"]
[PlyCount "37"]
[EventDate "2022.??.??"]
[WhiteTeam "SV Oberursel"]
[BlackTeam "SK Bad Homburg 1927"]

1. e4 c6 2. Nc3 d5 3. Nf3 Bg4 4. h3 Bxf3 5. Qxf3 e6 6. d4 Qb6 7. Qe3 Ne7 8. Bd3
Nd7 9. O-O dxe4 10. Bxe4 Nf6 11. Re1 Rd8 12. Ne2 Ned5 13. Bxd5 Nxd5 14. Qb3
Qxb3 15. axb3 a6 16. c3 Be7 17. Nf4 Nxf4 18. Bxf4 O-O 19. b4 1/2-1/2

[Event "Sparkassen-Open B"]
[Site "Heusenstamm, Martinsee"]
[Date "2022.11.20"]
[Round "7.8"]
[White "Mohr, Alwin"]
[Black "Englert, Lin"]
[Result "1-0"]
[WhiteElo "1494"]
[BlackElo "1466"]
[PlyCount "63"]
[EventDate "2022.??.??"]
[WhiteTeam "SV Oberursel"]
[BlackTeam "TV-Großostheim"]

1. e4 c5 2. Nf3 Nc6 3. d4 cxd4 4. Nxd4 g6 5. Be3 Bg7 6. Nc3 Nf6 7. f3 O-O 8.
Qd2 d6 9. h4 h5 10. O-O-O Nxd4 11. Bxd4 a6 12. Be2 b5 13. Nd5 Nxd5 14. exd5 Bd7
15. g4 hxg4 16. fxg4 f6 17. h5 g5 18. h6 Bh8 19. Rdf1 Be8 20. h7+ Kf7 21. Qxg5
e5 22. dxe6+ Kxe6 23. Qf5+ Ke7 24. Qe4+ Kd7 25. Bd3 Kc7 26. Rh2 Bc6 27. Qe3 Rb8
28. Rhf2 Re8 29. Qd2 Re6 30. Qa5+ Kb7 31. Qxd8 Rxd8 32. Bxf6 1-0

[Event "Sparkassen-Open B"]
[Site "Heusenstamm, Martinsee"]
[Date "2022.11.20"]
[Round "7.9"]
[White "Friedel, Thomas"]
[Black "Degenhardt, Andreas"]
[Result "1/2-1/2"]
[WhiteElo "1622"]
[BlackElo "1744"]
[PlyCount "61"]
[EventDate "2022.??.??"]
[WhiteTeam "SV Groß-Gerau"]
[BlackTeam "SC 1970 Lorsch"]

1. Nf3 d5 2. d4 Nf6 3. c4 e6 4. Nc3 a6 5. e3 dxc4 6. Bxc4 b5 7. Bb3 Bb7 8. O-O
Nbd7 9. d5 exd5 10. Nxd5 Nxd5 11. Bxd5 Bxd5 12. Qxd5 Nb6 13. Qxd8+ Rxd8 14. b3
Be7 15. Bb2 O-O 16. Nd4 Bf6 17. Rac1 Nd5 18. a3 Rc8 19. Rc6 Ne7 20. Rc5 Rfd8
21. Nc6 Nxc6 22. Bxf6 Rd6 23. Bh4 Na5 24. Rc3 c5 25. b4 Nc4 26. bxc5 Rdc6 27.
Rfc1 Rxc5 28. Be7 R5c7 29. Bd6 Rd7 30. Be5 Rcd8 31. Bd4 1/2-1/2

[Event "Sparkassen-Open B"]
[Site "Heusenstamm, Martinsee"]
[Date "2022.11.20"]
[Round "7.10"]
[White "Schmid, Leon"]
[Black "Bengsch, Norbert"]
[Result "1/2-1/2"]
[WhiteElo "1568"]
[BlackElo "1667"]
[PlyCount "20"]
[EventDate "2022.??.??"]
[WhiteTeam "Sfr.Heidesheim"]
[BlackTeam "SG Donautal Tuttlingen"]

1. e4 c5 2. Nf3 Nc6 3. g3 g6 4. Bg2 Bg7 5. O-O d6 6. d3 Nf6 7. Nc3 Rb8 8. a4 a6
9. h3 O-O 10. Be3 Nd7 1/2-1/2

[Event "Sparkassen-Open B"]
[Site "Heusenstamm, Martinsee"]
[Date "2022.11.20"]
[Round "7.11"]
[White "Jordake, Michael"]
[Black "Lee, Kwan Ho Matthew"]
[Result "1-0"]
[WhiteElo "1697"]
[BlackElo "1606"]
[PlyCount "81"]
[EventDate "2022.??.??"]
[WhiteTeam "SC Bergen-Enkheim 1922"]
[BlackTeam "SV Oberursel"]

1. Nc3 Nf6 2. e4 d6 3. d4 e6 4. Be2 b6 5. Bf3 Bb7 6. e5 Bxf3 7. Nxf3 dxe5 8.
dxe5 Qxd1+ 9. Nxd1 Nfd7 10. O-O c5 11. Nc3 Nc6 12. Nb5 Rc8 13. Bf4 g5 14. Bxg5
Ndxe5 15. Nxe5 Nxe5 16. f4 Ng4 17. Rfe1 h5 18. Rad1 Be7 19. Nxa7 Bxg5 20. fxg5
Ra8 21. Nc6 Rg8 22. h3 Rxg5 23. hxg4 hxg4 24. Re5 Rxe5 25. Nxe5 Rxa2 26. Rb1 g3
27. Nc4 Ra6 28. Nd6+ Ke7 29. Ne4 f5 30. Nxg3 Kf6 31. Kf2 e5 32. Ne2 Kg5 33. Nc3
Kg4 34. Rd1 b5 35. Nxb5 Rb6 36. c4 Rc6 37. Rd6 Rxd6 38. Nxd6 e4 39. Ke3 Kg5 40.
Nxe4+ fxe4 41. Kxe4 1-0

[Event "Sparkassen-Open B"]
[Site "Heusenstamm, Martinsee"]
[Date "2022.11.20"]
[Round "7.12"]
[White "Wu, Sifan"]
[Black "Ghaznavi, Massoud"]
[Result "1-0"]
[WhiteElo "1659"]
[BlackElo "1594"]
[PlyCount "117"]
[EventDate "2022.??.??"]
[WhiteTeam "SV Oberursel"]
[BlackTeam "SV Oberursel"]

1. c4 c5 2. g3 e6 3. Nc3 Nf6 4. Bg2 d5 5. cxd5 exd5 6. d4 Be6 7. Nf3 Nc6 8. O-O
c4 9. Re1 Bb4 10. Ng5 O-O 11. Nxe6 fxe6 12. Bg5 h6 13. Bf4 a6 14. a3 Ba5 15.
Bh3 Qe7 16. e3 g5 17. Be5 Nxe5 18. dxe5 Bxc3 19. bxc3 Ne4 20. f4 Nxc3 21. Qc2
Ne4 22. Bg2 Qh7 23. a4 b6 24. Rec1 Rac8 25. Rab1 Rc6 26. Bxe4 dxe4 27. Rb4 Rfc8
28. Rcb1 gxf4 29. gxf4 Qf5 30. Rxb6 R8c7 31. Rxc6 Qg4+ 32. Qg2 Qxg2+ 33. Kxg2
Rxc6 34. Kf2 c3 35. Ke2 Kf7 36. Rb8 Kg6 37. Kd1 Kh5 38. Kc2 Kg4 39. Rd8 Kf3 40.
Rd6 Rc8 41. Rxe6 Kxe3 42. f5 Kf4 43. Rxh6 Kxf5 44. Rh3 Rc4 45. Rxc3 Rxa4 46.
Rc5 Ra2+ 47. Kd1 Rxh2 48. Ra5 Rh6 49. e6+ Kf4 50. Rxa6 e3 51. e7 Rh1+ 52. Kc2
Rh2+ 53. Kb3 Rh8 54. Rf6+ Ke4 55. Rf8 Rxf8 56. exf8=Q e2 57. Qb4+ Ke3 58. Qe1
Kd3 59. Kb2 1-0

[Event "Sparkassen-Open B"]
[Site "Heusenstamm, Martinsee"]
[Date "2022.11.20"]
[Round "7.13"]
[White "Hofmann, Werner"]
[Black "Schmidt, Moritz"]
[Result "1-0"]
[WhiteElo "1687"]
[BlackElo "1442"]
[PlyCount "31"]
[EventDate "2022.??.??"]
[WhiteTeam "SV 1920 Kelsterbach"]
[BlackTeam "SVG 1920 Plettenberg"]

1. d4 Nf6 2. Bf4 e6 3. e3 c5 4. c3 d5 5. Nd2 Nc6 6. Ngf3 Bd6 7. Bg3 O-O 8. Bd3
Re8 9. Ne5 Qc7 10. f4 Nd7 11. Bxh7+ Kf8 12. Bd3 Ke7 13. Qh5 Kd8 14. Nxf7+ Ke7
15. Nxd6 Qxd6 16. Qg5+ 1-0

[Event "Sparkassen-Open B"]
[Site "Heusenstamm, Martinsee"]
[Date "2022.11.20"]
[Round "7.15"]
[White "Papadopoulos, Leon"]
[Black "Wibmer, Michael"]
[Result "0-1"]
[WhiteElo "1399"]
[BlackElo "1670"]
[PlyCount "64"]
[EventDate "2022.??.??"]
[WhiteTeam "SV Oberursel"]
[BlackTeam "SV Gifhorn"]

1. e4 c5 2. Nf3 d6 3. d4 cxd4 4. Nxd4 Nf6 5. Nc3 a6 6. f3 e5 7. Nb3 Be6 8. Be3
Be7 9. Qd2 O-O 10. O-O-O Nbd7 11. h4 b5 12. g4 Nb6 13. h5 b4 14. Nb1 a5 15. g5
Nfd7 16. g6 a4 17. h6 fxg6 18. hxg7 Rxf3 19. Qh2 h5 20. Bxb6 Qxb6 21. N3d2 Rf4
22. Be2 Qf2 23. Qxf2 Rxf2 24. Bf3 Kxg7 25. Rhg1 Kh6 26. Rde1 Bg5 27. Kd1 Rc8
28. b3 axb3 29. axb3 Nf6 30. Bh1 Bg4+ 31. Kc1 Nd7 32. Ref1 Nc5 0-1

[Event "Sparkassen-Open B"]
[Site "Heusenstamm, Martinsee"]
[Date "2022.11.20"]
[Round "7.16"]
[White "Sensoy, Emir"]
[Black "Eremenko, Christian"]
[Result "0-1"]
[WhiteElo "1323"]
[BlackElo "1785"]
[PlyCount "130"]
[EventDate "2022.??.??"]
[WhiteTeam "MSA Zugzwang 82"]
[BlackTeam "SV KS 1929 Großauheim"]

1. c4 Nc6 2. g3 e5 3. Bg2 f5 4. e3 Nf6 5. Ne2 h5 6. Nbc3 h4 7. O-O g5 8. f4
gxf4 9. exf4 e4 10. a3 Bc5+ 11. Kh1 h3 12. Bxe4 fxe4 13. b4 Be7 14. Bb2 Rh7 15.
Qc2 Bf8 16. Nxe4 Nxe4 17. Qxe4+ Qe7 18. Qg6+ Qf7 19. Qxf7+ Rxf7 20. Rae1 b6 21.
Ng1+ Ne7 22. Nxh3 Bb7+ 23. Kg1 Bh6 24. g4 O-O-O 25. g5 Bf8 26. Bf6 d5 27. c5
bxc5 28. bxc5 d4 29. Re6 Rd5 30. g6 Nxg6 31. f5 Kd7 32. Ng5 Bxc5 33. d3 Nf8 34.
Nxf7 Nxe6 35. fxe6+ Ke8 36. Nd8 Ba6 37. Rb1 Rxd8 38. Bxd8 Kxd8 39. Rb3 Ke7 40.
h4 Kxe6 41. Kg2 Bb6 42. Kg3 c5 43. Kf4 Kf6 44. Ke4 Bb7+ 45. Kf4 Kg6 46. Rb1 Kh5
47. Rg1 Bc7+ 48. Kf5 Kxh4 49. Rg7 Bc8+ 50. Ke4 Bb6 51. Kf4 Kh5 52. Kf3 Kh6 53.
Re7 Kg5 54. Ke2 Kf6 55. Re4 Be6 56. Kd2 Ke7 57. Kc2 Kd6 58. Rh4 Bd5 59. Rh6+
Kc7 60. Rh5 Kc6 61. a4 c4 62. dxc4 Bxc4 63. a5 Bc5 64. Kd2 Kb5 65. Kc2 Kb4 0-1

[Event "Sparkassen-Open B"]
[Site "Heusenstamm, Martinsee"]
[Date "2022.11.20"]
[Round "7.17"]
[White "Füssel, Jan Michael"]
[Black "Griesche, Robby"]
[Result "1-0"]
[WhiteElo "1754"]
[BlackElo "1593"]
[PlyCount "60"]
[EventDate "2022.??.??"]
[WhiteTeam "VSG 1880 Offenbach"]
[BlackTeam "SV Worms 1878"]

1. b3 d5 2. e3 e5 3. Bb2 Nc6 4. Bb5 e4 5. d3 a6 6. Bxc6+ bxc6 7. dxe4 dxe4 8.
Qxd8+ Kxd8 9. Nd2 Bf5 10. O-O-O Ke8 11. Ne2 Bg4 12. f3 exf3 13. gxf3 Be6 14.
Nd4 Bd7 15. Nc4 f6 16. Rhe1 Nh6 17. e4 c5 18. Ne2 Be6 19. Ne3 Rd8 20. Nf4 Rxd1+
21. Rxd1 Bc8 22. Nc4 Be7 23. Nd5 Kf7 24. Nxc7 Rd8 25. Rxd8 Bxd8 26. Nd6+ Kf8
27. Nd5 Be6 28. Ba3 Bxd5 29. exd5 Be7 30. Nc8 Ke8 1-0

[Event "Sparkassen-Open B"]
[Site "Heusenstamm, Martinsee"]
[Date "2022.11.20"]
[Round "7.18"]
[White "Valean, David-Andrei"]
[Black "Mandalka, Justus"]
[Result "1-0"]
[WhiteElo "1418"]
[BlackElo "1464"]
[PlyCount "131"]
[EventDate "2022.??.??"]
[WhiteTeam "TG Schweinfurt 1848"]
[BlackTeam "SK Bad Homburg 1927"]

1. e4 c5 2. Nf3 Nc6 3. d4 cxd4 4. Nxd4 g6 5. c4 Bg7 6. Nxc6 bxc6 7. Qc2 c5 8.
Nc3 d6 9. Be2 Nf6 10. O-O O-O 11. Rb1 Rb8 12. b3 Bb7 13. Bf4 Nd7 14. Rbd1 Ne5
15. f3 Nc6 16. Kh1 Nd4 17. Qd3 a5 18. Be3 e5 19. Nd5 Bxd5 20. exd5 a4 21. Bxd4
exd4 22. f4 axb3 23. axb3 f5 24. Rf2 Re8 25. Rf3 Qa5 26. Qc2 Rb7 27. g3 Rbe7
28. Bd3 Qc3 29. Be4 Qb4 30. Bd3 Re3 31. Rxe3 dxe3 32. Be2 Bc3 33. Qa2 Bd2 34.
Qc2 h5 35. Qa2 Kf7 36. Qa7+ Re7 37. Qa2 Rb7 38. Qa6 Qb6 39. Qa1 Rb8 40. Qa4 Rb7
41. Ra1 Bc3 42. Ra3 Qd8 43. Qc6 Qe7 44. Kg2 Qe4+ 45. Kh3 Re7 46. Qxd6 Qc2 47.
Ra6 Qe4 48. Qxg6+ Kf8 49. Ra8+ Re8 50. Rxe8+ Qxe8 51. Qxe8+ Kxe8 52. Bxh5+ Ke7
53. Kg2 Kf6 54. Kf3 Bd4 55. h3 Ke7 56. g4 Kf6 57. g5+ Kg7 58. d6 Kf8 59. d7 Ke7
60. Be8 Kd8 61. h4 Ke7 62. h5 Kd8 63. h6 Ke7 64. g6 Bf6 65. g7 e2 66. Kxe2 1-0

[Event "Sparkassen-Open B"]
[Site "Heusenstamm, Martinsee"]
[Date "2022.11.20"]
[Round "7.19"]
[White "Burow, Roger"]
[Black "Dubinker, Philipp"]
[Result "0-1"]
[WhiteElo "1598"]
[BlackElo "1614"]
[PlyCount "72"]
[EventDate "2022.??.??"]
[WhiteTeam "SV 1920 Kelsterbach"]
[BlackTeam "SK Marburg 1931/72"]

1. Nf3 Nf6 2. g3 g6 3. Bg2 Bg7 4. d3 d5 5. Nbd2 O-O 6. O-O Re8 7. Re1 e5 8. e4
dxe4 9. Nxe4 Nxe4 10. Rxe4 f5 11. Re1 Nc6 12. c3 Be6 13. Ng5 Bd5 14. Bxd5+ Qxd5
15. Qb3 Qxb3 16. axb3 Rad8 17. Rd1 h6 18. Nh3 Rd7 19. Be3 a6 20. Rd2 Red8 21.
Rad1 Na5 22. b4 Nb3 23. Re2 Rxd3 24. Rxd3 Rxd3 25. Kg2 a5 26. bxa5 Nxa5 27. f4
Nc4 28. Bc1 e4 29. Nf2 Rd8 30. Be3 Nxe3+ 31. Rxe3 Rd2 32. b3 Rc2 33. Kf1 Rxc3
34. Rxc3 Bxc3 35. Ke2 Bd4 36. Nd1 Kf7 0-1

[Event "Sparkassen-Open B"]
[Site "Heusenstamm, Martinsee"]
[Date "2022.11.20"]
[Round "7.20"]
[White "Spelleken, Hans-Gerd"]
[Black "Fettig, Konrad"]
[Result "1-0"]
[WhiteElo "1678"]
[BlackElo "1528"]
[PlyCount "39"]
[EventDate "2022.??.??"]
[WhiteTeam "SC Kahl"]
[BlackTeam "SC ML Kastellaun"]

1. Nf3 d5 2. d4 Nf6 3. Nbd2 e6 4. e3 c5 5. c3 Nc6 6. Bd3 Bd6 7. Qe2 Nxd4 8.
exd4 Qc7 9. Nf1 O-O 10. Bg5 Nh5 11. Ne5 g6 12. Bh6 Re8 13. f4 f6 14. Nxg6 Bxf4
15. Bxf4 Nxf4 16. Qg4 hxg6 17. Bxg6 Nxg6 18. Qxg6+ Kh8 19. Qxe8+ Kh7 20. Qh5+
1-0

[Event "Sparkassen-Open B"]
[Site "Heusenstamm, Martinsee"]
[Date "2022.11.20"]
[Round "7.21"]
[White "Deboer, Alex"]
[Black "Haas, Vanessa"]
[Result "1-0"]
[WhiteElo "1206"]
[BlackElo "1666"]
[PlyCount "127"]
[EventDate "2022.??.??"]
[WhiteTeam "SK Bickenbach"]
[BlackTeam "SC FK Babenhausen 1994"]

1. e4 c5 2. Nc3 Nc6 3. Bb5 a6 4. Bxc6 bxc6 5. f4 d5 6. e5 Nh6 7. d3 Nf5 8. Nf3
Nd4 9. O-O Bg4 10. Be3 Nxf3+ 11. gxf3 Bh3 12. Bxc5 Bxf1 13. Qxf1 Qd7 14. Qg2 h5
15. Qg5 Qh3 16. Rf1 e6 17. Bxf8 Kxf8 18. Qg3 Qf5 19. Na4 h4 20. Qg4 Rh6 21. Kf2
Qxg4 22. fxg4 Rb8 23. b3 Ke7 24. Nc5 a5 25. a4 f6 26. Re1 fxe5 27. g5 Rhh8 28.
Rxe5 Kd6 29. d4 Rhe8 30. Kf3 Re7 31. Kg4 Rh8 32. c3 g6 33. h3 Rf8 34. Kf3 Rb8
35. Ke2 Rf8 36. Ke3 Rb8 37. Kf3 Rf8 38. Kg4 Rh8 39. Re2 Rf8 40. b4 axb4 41.
cxb4 Rb8 42. Rb2 Rf7 43. b5 Rbf8 44. Nd3 cxb5 45. axb5 Rb8 46. Nc5 Rbf8 47. Rf2
Rb8 48. Ra2 Rb6 49. Ra8 Rc7 50. Ra6 Rxa6 51. bxa6 Rf7 52. Nd3 Ra7 53. Ne5 Rxa6
54. Nxg6 Ra4 55. Nxh4 Rxd4 56. Nf3 Ra4 57. h4 Ke7 58. h5 Kf7 59. Ne5+ Kg8 60.
g6 Ra7 61. h6 d4 62. Kg5 Ra5 63. Kf6 Ra7 64. Nf7 1-0

[Event "Sparkassen-Open B"]
[Site "Heusenstamm, Martinsee"]
[Date "2022.11.20"]
[Round "7.22"]
[White "Lasschuit, Rene"]
[Black "Mammadov, Kamal"]
[Result "1-0"]
[WhiteElo "1660"]
[BlackElo "1481"]
[PlyCount "81"]
[EventDate "2022.??.??"]
[WhiteTeam "SV Berolina Mitte"]
[BlackTeam "SC Aschaffenburg"]

1. Nf3 Nf6 2. g3 g6 3. Bg2 d6 4. d4 Bg7 5. O-O O-O 6. c4 Nbd7 7. Nc3 c6 8. Qc2
e5 9. Rd1 Qc7 10. d5 c5 11. h3 Nb6 12. a4 a6 13. Qb3 Bd7 14. a5 Nc8 15. Be3 Rb8
16. Na4 Bxa4 17. Qxa4 Nd7 18. Rab1 h6 19. Nd2 f5 20. Nf3 g5 21. Bd2 e4 22. Ne1
Ne7 23. Bc3 Ng6 24. Bxg7 Kxg7 25. Nc2 Rbe8 26. b4 f4 27. bxc5 Nxc5 28. Qb4 Rf7
29. Nd4 Nf8 30. Qb6 Qd7 31. Nb3 e3 32. Nxc5 exf2+ 33. Kxf2 dxc5 34. Qxc5 fxg3+
35. Kxg3 Rxe2 36. Rf1 Rfe7 37. Qd4+ Kg8 38. Rxf8+ Kxf8 39. Qh8+ Kf7 40. Rf1+
Kg6 41. Rf6+ 1-0

[Event "Sparkassen-Open B"]
[Site "Heusenstamm, Martinsee"]
[Date "2022.11.20"]
[Round "7.23"]
[White "Kosak, Karolina"]
[Black "Spelleken, Mark"]
[Result "1-0"]
[WhiteElo "1396"]
[BlackElo "1520"]
[PlyCount "51"]
[EventDate "2022.??.??"]
[WhiteTeam "SV Frankfurt Nord 1926"]
[BlackTeam "SC Kahl"]

1. e4 e5 2. Nf3 Nc6 3. d4 exd4 4. Bc4 Bc5 5. c3 dxc3 6. Bxf7+ Kxf7 7. Qd5+ Kf8
8. Qxc5+ d6 9. Qxc3 h6 10. O-O Bg4 11. e5 dxe5 12. Nxe5 Nxe5 13. Qxe5 Nf6 14.
Bf4 Rc8 15. Re1 b6 16. Nc3 a6 17. f3 Bd7 18. Nd5 Nxd5 19. Qxd5 g5 20. Be5 Rh7
21. Qd3 Re7 22. Qg6 Be6 23. Qxh6+ Ke8 24. Bf6 Kf7 25. Qg7+ Ke8 26. Rxe6 1-0

[Event "Sparkassen-Open B"]
[Site "Heusenstamm, Martinsee"]
[Date "2022.11.20"]
[Round "7.24"]
[White "Kessler, Georg"]
[Black "Hott, Arthur"]
[Result "1/2-1/2"]
[WhiteElo "1627"]
[BlackElo "1497"]
[PlyCount "69"]
[EventDate "2022.??.??"]
[WhiteTeam "SC Sulzbach-Rosenberg"]
[BlackTeam "SC Bad Soden"]

1. Nf3 c6 2. c4 Nf6 3. Nc3 g6 4. d4 Bg7 5. e4 d6 6. h3 O-O 7. Bd3 Nbd7 8. O-O
c5 9. d5 Re8 10. Re1 Nb6 11. Bg5 h6 12. Be3 Qc7 13. Nb5 Qd8 14. Rc1 a6 15. Nc3
Qc7 16. Bf4 Nbd7 17. e5 dxe5 18. Nxe5 Nh5 19. Nxg6 Nxf4 20. Nxe7+ Kf8 21. Nf5
Rxe1+ 22. Qxe1 Nxd3 23. Qe7+ Kg8 24. Qe8+ Nf8 25. Ne7+ Kh8 26. Qxf7 Qxe7 27.
Qxe7 Nxc1 28. Ne4 Bd7 29. Nf6 Ne2+ 30. Kf1 Nf4 31. Qf7 Bxf6 32. Qxf6+ Kg8 33.
Qxf4 Re8 34. Qxh6 Bf5 35. Qg5+ 1/2-1/2

[Event "Sparkassen-Open B"]
[Site "Heusenstamm, Martinsee"]
[Date "2022.11.20"]
[Round "7.25"]
[White "Pichl, Johann"]
[Black "Gräßer, Malte"]
[Result "1/2-1/2"]
[WhiteElo "1414"]
[BlackElo "1605"]
[PlyCount "32"]
[EventDate "2022.??.??"]
[WhiteTeam "SK Bad Homburg 1927"]
[BlackTeam "Sfr.Heidesheim"]

1. d4 e6 2. Nf3 d5 3. Bf4 Nf6 4. e3 c5 5. c3 Nc6 6. Nbd2 Qb6 7. Qb3 c4 8. Qxb6
axb6 9. Be2 Be7 10. O-O O-O 11. b4 b5 12. Bd1 Bd7 13. Bc2 Ra7 14. a3 Rfa8 15.
Nb1 h6 16. h3 Nh5 1/2-1/2

[Event "Sparkassen-Open B"]
[Site "Heusenstamm, Martinsee"]
[Date "2022.11.20"]
[Round "7.27"]
[White "Leitzig, Reamonn"]
[Black "Schulze, Fabian"]
[Result "1/2-1/2"]
[WhiteElo "1484"]
[BlackElo "1725"]
[PlyCount "76"]
[EventDate "2022.??.??"]
[WhiteTeam "SV 1934 Ffm-Griesheim"]
[BlackTeam "SC Steinbach"]

1. e4 d5 2. exd5 Qxd5 3. Nc3 Qa5 4. d4 c6 5. Nf3 Bg4 6. h3 Bxf3 7. Qxf3 Nf6 8.
Be2 e6 9. O-O Be7 10. Ne4 Nbd7 11. c4 Nxe4 12. Qxe4 Nf6 13. Qc2 O-O 14. Be3
Rfd8 15. Rfd1 Rd7 16. Bf3 Qd8 17. Rd2 Qc7 18. Rad1 Rc8 19. a3 Bd6 20. Bg5 Be7
21. b4 h6 22. Be3 Bd6 23. Qb3 Bf4 24. Bxf4 Qxf4 25. Qe3 Qb8 26. g3 Rcd8 27. Kg2
Kf8 28. a4 a6 29. Qb3 Qa7 30. Qb2 Qb8 31. b5 axb5 32. axb5 cxb5 33. Qxb5 b6 34.
d5 exd5 35. Bxd5 Nxd5 36. Rxd5 Qb7 37. Kf1 Rxd5 38. cxd5 Qc7 1/2-1/2

[Event "Sparkassen-Open B"]
[Site "Heusenstamm, Martinsee"]
[Date "2022.11.20"]
[Round "7.28"]
[White "Schwab, Lysander"]
[Black "Kähm, Kevin"]
[Result "0-1"]
[WhiteElo "1505"]
[BlackElo "1696"]
[PlyCount "68"]
[EventDate "2022.??.??"]
[WhiteTeam "SC Aschaffenburg"]
[BlackTeam "SK Bischofsheim"]

1. c4 Nf6 2. Nc3 g6 3. g3 Bg7 4. Bg2 O-O 5. Nf3 Nc6 6. e4 e5 7. d3 d6 8. O-O
Bg4 9. h3 Bxf3 10. Bxf3 Nd4 11. Bg2 c5 12. Rb1 a5 13. Bg5 Qd7 14. Bxf6 Bxf6 15.
Nd5 Bd8 16. f4 exf4 17. Rxf4 b5 18. b3 b4 19. Rf2 Ra7 20. Ra1 a4 21. Rb2 f5 22.
exf5 Rxf5 23. Kh2 Qg7 24. Rbb1 Rf2 25. Qe1 Nf3+ 26. Kh1 Nxe1 27. Rxe1 axb3 28.
axb3 Rxa1 29. Rxa1 Qxa1+ 30. Kh2 Qb2 31. Nf4 g5 32. Nh5 Rxg2+ 33. Kh1 Rh2+ 34.
Kg1 Qf2# 0-1

[Event "Sparkassen-Open B"]
[Site "Heusenstamm, Martinsee"]
[Date "2022.11.20"]
[Round "7.29"]
[White "Drewes, Thomas"]
[Black "Kuran, Rainer"]
[Result "1/2-1/2"]
[WhiteElo "1676"]
[BlackElo "1507"]
[PlyCount "33"]
[EventDate "2022.??.??"]
[WhiteTeam "SV Würzburg von 1865"]
[BlackTeam "Karlsruher SF"]

1. d4 d5 2. Nf3 Nf6 3. c4 Bf5 4. e3 e6 5. Nc3 a6 6. cxd5 exd5 7. Bd3 Bxd3 8.
Qxd3 Be7 9. O-O O-O 10. b3 c6 11. Bb2 Re8 12. Rfe1 Nbd7 13. e4 dxe4 14. Nxe4
Nxe4 15. Qxe4 Bf6 16. Qxe8+ Qxe8 17. Rxe8+ 1/2-1/2